The Melody of the Great Dharma Cloud (Record no. 9151)
[ view plain ]
| 000 -LEADER | |
|---|---|
| fixed length control field | 00315nam a22001217a 4500 |
| 008 - FIXED-LENGTH DATA ELEMENTS--GENERAL INFORMATION | |
| fixed length control field | 221003b |||||||| |||| 00| 0 eng d |
| 020 ## - INTERNATIONAL STANDARD BOOK NUMBER | |
| International Standard Book Number | 9789993680994 |
| 082 ## - DEWEY DECIMAL CLASSIFICATION NUMBER | |
| Classification number | 920 DRA |
| 245 ## - TITLE STATEMENT | |
| Title | The Melody of the Great Dharma Cloud |
| 260 ## - PUBLICATION, DISTRIBUTION, ETC. | |
| Place of publication, distribution, etc. | Thimphu : |
| Name of publisher, distributor, etc. | Zhung Dratshang, |
| Date of publication, distribution, etc. | 2022. |
| 300 ## - PHYSICAL DESCRIPTION | |
| Extent | 457 p. |
| Dimensions | 23 cm. |
| 942 ## - Added entry Elements (Koha) | |
| Source of classification or shelving scheme | Dewey Decimal Classification |
| Withdrawn status | Lost status | Source of classification or shelving scheme | Damaged status | Not for loan | Collection code | Home library | Current library | Shelving location | Date acquired | Serial Enumeration / chronology | Total Checkouts | Full call number | Barcode | Date last seen | Price effective from | Koha item type | Total Renewals | Date last checked out | Copy number | Public note |
|---|---|---|---|---|---|---|---|---|---|---|---|---|---|---|---|---|---|---|---|---|
| Dewey Decimal Classification | Main TEST | RTC Library | RTC Library | Main opac | 03/10/2022 | 16687 | 920 DRA | 30016040 | 03/10/2022 | 03/10/2022 | Main | |||||||||
| Dewey Decimal Classification | Main TEST | RTC Library | RTC Library | Main opac | 23/08/2023 | 177836 | 1 | 920 DRA | 30018903 | 13/06/2024 | 23/08/2023 | Main | 2 | 13/05/2024 | ||||||
| Dewey Decimal Classification | Main TEST | RTC Library | RTC Library | Main opac | 23/08/2023 | 18877 | 920 DRA C.3 | 30019989 | 18/09/2024 | 23/08/2023 | Main | 3 | Donated by Madam Nawang | |||||||
| Dewey Decimal Classification | Main TEST | RTC Library | RTC Library | Main opac | 23/08/2023 | 18910 | 920 DRA C.4 | 30020023 | 19/09/2024 | 23/08/2023 | Main | 4 | Donated by Tshering Lhamo (BBA Marketing 3rd Year, 113898) |